[Event "45th World Open"]
[Site "Philadelphia"]
[Date "2017.07.03"]
[Round "7"]
[White "Kretchetov, Alexander"]
[Black "Yoo, Christopher"]
[Result "0-1"]
[WhiteElo "2263"]
[BlackElo "2129"]
[PlyCount "112"]
[EventDate "2017.07.??"]
[EventType "swiss"]
[EventRounds "9"]
[EventCountry "USA"]

1. Nf3 Nf6 2. c4 g6 3. Nc3 d5 4. cxd5 Nxd5 5. Qa4+ Nc6 6. Ne5 Qd6 7. Nxc6 Qxc6
8. Qd4 Nf6 9. e4 Qd6 10. Qxd6 cxd6 11. d4 Bg7 12. f3 O-O 13. Be3 Be6 14. Bd3
Rfc8 15. Kd2 Bc4 16. Rhc1 Bxd3 17. Kxd3 a6 18. Rc2 Rc7 19. Rac1 Rac8 20. g4 Kf8
21. h3 Nd7 22. f4 e5 23. dxe5 dxe5 24. f5 gxf5 25. gxf5 Nf6 26. Bg5 Rc4 27.
Bxf6 Rd4+ 28. Ke2 Bxf6 29. Nd5 Rxc2+ 30. Rxc2 Kg7 31. Kf3 Rd3+ 32. Kg4 h5+ 33.
Kxh5 Rxh3+ 34. Kg4 Rh4+ 35. Kf3 Rh3+ 36. Ke2 Bg5 37. a4 b5 38. axb5 axb5 39.
Kf1 Rd3 40. Rg2 Kh6 41. Ke2 Rh3 42. Kd1 Rh4 43. Re2 Kh5 44. Kc2 Kg4 45. Rg2+
Kh5 46. Nc3 b4 47. Ne2 Rh3 48. Rg3 Rxg3 49. Nxg3+ Kg4 50. Ne2 Kf3 51. Kd3 Kf2
52. f6 Bh6 53. b3 Bg5 54. Nd4 exd4 55. e5 Kf3 56. Kxd4 Kf4 0-1

[Event "45th World Open"]
[Site "Philadelphia"]
[Date "2017.07.03"]
[Round "7"]
[White "Niemann, Hans"]
[Black "Nyamdorj, Davaaochir"]
[Result "1-0"]
[WhiteElo "2282"]
[BlackElo "2098"]
[PlyCount "77"]
[EventDate "2017.07.??"]
[EventType "swiss"]
[EventRounds "9"]
[EventCountry "USA"]

1. d4 Nf6 2. c4 e6 3. Nc3 d5 4. Nf3 Be7 5. Bf4 O-O 6. e3 Nbd7 7. c5 c6 8. Bd3
b6 9. b4 a5 10. a3 Ba6 11. O-O Bxd3 12. Qxd3 Qc8 13. h3 Qb7 14. Rab1 axb4 15.
axb4 Ra3 16. Qc2 Rfa8 17. Nd2 Bd8 18. Rfc1 Bc7 19. Bxc7 Qxc7 20. f4 Ne8 21. Nb3
f6 22. g3 g6 23. e4 Ng7 24. b5 Nh5 25. Qg2 bxc5 26. dxc5 Rxb3 27. Rxb3 Nxc5 28.
Nxd5 cxd5 29. Rbc3 dxe4 30. Rxc5 Qd6 31. Qf2 Qd3 32. b6 e3 33. Qc2 Qd4 34. Qc3
Qe4 35. Qc2 Qd4 36. b7 Rd8 37. Kg2 Qd2+ 38. Qxd2 exd2 39. Rd1 1-0

[Event "45th World Open"]
[Site "Philadelphia"]
[Date "2017.07.03"]
[Round "7"]
[White "Samadashvili, Martha"]
[Black "Cooke, Eric"]
[Result "1/2-1/2"]
[WhiteElo "1954"]
[BlackElo "2118"]
[PlyCount "92"]
[EventDate "2017.07.??"]
[EventType "swiss"]
[EventRounds "9"]
[EventCountry "USA"]

1. e4 e6 2. d4 d5 3. e5 c5 4. c3 Nc6 5. Nf3 Bd7 6. Be2 cxd4 7. cxd4 Nge7 8. Nc3
Nf5 9. O-O Be7 10. g4 Nh4 11. Nxh4 Bxh4 12. Be3 a6 13. f4 Be7 14. f5 Bg5 15.
Qd2 Bxe3+ 16. Qxe3 h6 17. f6 g6 18. Rfd1 b5 19. Bf3 Na5 20. b3 b4 21. Ne2 Bb5
22. Nf4 Nb7 23. Rac1 g5 24. Nd3 Bxd3 25. Qxd3 Qb6 26. Rd2 Kd7 27. Be2 Rhc8 28.
Rdc2 Rxc2 29. Rxc2 Nd8 30. Kg2 Ra7 31. Rd2 Qc6 32. Rc2 Qb6 33. Rc1 Rc7 34.
Rxc7+ Kxc7 35. Qxa6 Nc6 36. Qa8 Qxd4 37. Qf8 Nxe5 38. Qe7+ Nd7 39. Bb5 Qxg4+
40. Kh1 e5 41. Qxf7 Qf5 42. Qxd5 Nxf6 43. Qc5+ Kd8 44. Qf8+ Kc7 45. Qc5+ Kd8
46. Qf8+ Kc7 1/2-1/2

[Event "45th World Open"]
[Site "Philadelphia"]
[Date "2017.07.03"]
[Round "7"]
[White "Metpally, Jason"]
[Black "Nguyen, Tan"]
[Result "0-1"]
[WhiteElo "2053"]
[BlackElo "1949"]
[PlyCount "172"]
[EventDate "2017.07.??"]
[EventType "swiss"]
[EventRounds "9"]
[EventCountry "USA"]

1. d4 d6 2. c4 e5 3. Nc3 exd4 4. Qxd4 Nc6 5. Qd2 g6 6. b3 Bg7 7. Bb2 Nf6 8. g3
O-O 9. Bg2 Bf5 10. Nf3 Qd7 11. O-O Bh3 12. Rfd1 Bxg2 13. Kxg2 Rfe8 14. Nd5 Ne4
15. Qc2 f5 16. Nd2 Ne7 17. Bxg7 Nxd5 18. Bb2 Nb4 19. Qc1 Qc6 20. f3 Ng5 21. Qc3
Rxe2+ 22. Kf1 Re5 23. Qxb4 Re3 24. Qb5 Rxf3+ 25. Kg2 Re8 26. Qxc6 Re2+ 27. Kh1
bxc6 28. Bd4 Rd3 29. Nf1 Rxd1 30. Rxd1 Rxa2 31. Ra1 Rxa1 32. Bxa1 Ne4 33. Kg2
Kf7 34. Kf3 c5 35. Ke3 Nf6 36. h3 Ne4 37. Bb2 Ke6 38. h4 c6 39. Kf4 d5 40. Bc1
h6 41. Nd2 g5+ 42. Kf3 g4+ 43. Kg2 Nd6 44. Kf2 Ke5 45. Ke2 h5 46. Kd3 d4 47.
Nb1 Nb7 48. Bd2 Nd6 49. Bf4+ Ke6 50. Na3 Ne4 51. Nc2 Nf2+ 52. Ke2 Nh3 53. Bb8
f4 54. gxf4 Kf5 55. Ne1 Nxf4+ 56. Kf2 Ne6 57. Nd3 Ke4 58. Ke2 a6 59. Bd6 Kf5
60. Bg3 Ke4 61. Bh2 Kf5 62. Bb8 Ke4 63. Bd6 Kf5 64. Bxc5 g3 65. Kf3 g2 66. Kxg2
Ke4 67. Nf2+ Ke3 68. Be7 Ke2 69. Bg5 Nc5 70. b4 Nd3 71. Nxd3 Kxd3 72. c5 Kc4
73. Bd2 Kd3 74. Bg5 Ke2 75. Kg3 d3 76. Bf4 d2 77. Bxd2 Kxd2 78. Kf4 Kc3 79. Kg5
Kxb4 80. Kxh5 a5 81. Kg6 a4 82. h5 a3 83. h6 a2 84. h7 a1=Q 85. Kf7 Qh8 86. Kg6
Kxc5 0-1

[Event "45th World Open"]
[Site "Philadelphia"]
[Date "2017.07.03"]
[Round "7"]
[White "Aaron, Deepak"]
[Black "Subervi, Jonathan"]
[Result "1-0"]
[WhiteElo "2321"]
[BlackElo "2177"]
[PlyCount "55"]
[EventDate "2017.07.??"]
[EventType "swiss"]
[EventRounds "9"]
[EventCountry "USA"]

1. e4 e6 2. d4 d5 3. Nd2 Be7 4. Bd3 c5 5. dxc5 Nf6 6. exd5 exd5 7. Nb3 O-O 8.
Nf3 a5 9. O-O a4 10. Nbd4 Ne4 11. c3 Nxc5 12. Bc2 a3 13. b4 Ne4 14. Qd3 g6 15.
Bf4 g5 16. Bxb8 Rxb8 17. Rad1 Bg4 18. Qe3 Qc8 19. Nb5 Rd8 20. Bb3 Bf6 21. Rd3
Re8 22. Bxd5 Nxc3 23. Rxc3 Bxc3 24. Qxc3 Qxc3 25. Nxc3 Rbc8 26. Ne4 Red8 27.
Bb3 h6 28. Nf6+ 1-0

[Event "45th World Open"]
[Site "Philadelphia"]
[Date "2017.07.04"]
[Round "8.1"]
[White "Zhou, Jianchao"]
[Black "Petrosian, Tigran"]
[Result "0-1"]
[WhiteElo "2595"]
[BlackElo "2595"]
[PlyCount "152"]
[EventDate "2017.07.??"]
[EventType "swiss"]
[EventRounds "9"]
[EventCountry "USA"]
[WhiteClock "0:00:04"]
[BlackClock "0:00:06"]

1. d4 d6 2. Nf3 g6 3. c4 f5 4. Nc3 Nf6 5. e3 Bg7 6. b4 O-O 7. Bb2 Kh8 8. Be2
Be6 9. d5 Bg8 10. O-O c6 11. dxc6 bxc6 12. Qc2 e5 13. Na4 Na6 14. a3 c5 15.
bxc5 e4 16. Rfd1 exf3 17. Bxf3 Rb8 18. Rxd6 Rxb2 19. Qxb2 Qc7 20. Qb5 Ne4 21.
Rd7 Bxc4 22. Qxc4 Qxd7 23. Rd1 Nd2 24. Kh1 Nxc4 25. Rxd7 Rb8 26. g3 Ne5 27.
Rxa7 Nxc5 28. Nxc5 Nxf3 29. Kg2 Ne1+ 30. Kf1 Nf3 31. Kg2 Ne5 32. a4 Bf8 33. Nd7
Nxd7 34. Rxd7 Rb2 35. h4 Ra2 36. Ra7 Bb4 37. Kf1 Kg8 38. Ra8+ Kg7 39. Ra6 Bc3
40. Rc6 Ba5 41. Rc4 Kf6 42. Rc6+ Kf7 43. Rc4 h6 44. Rd4 Ke6 45. Rc4 Kd5 46.
Rd4+ Ke5 47. Rc4 Kd5 48. Rd4+ Ke6 49. Rc4 h5 50. Rc6+ Kf7 51. Rc4 Bd8 52. Rb4
Be7 53. Rc4 Bd6 54. Rc6 Ke6 55. Ra6 Ke5 56. Ra8 Ke4 57. Kg2 Bb4 58. Re8+ Kd5
59. Rb8 Bc3 60. Rd8+ Ke6 61. Rd3 Be1 62. Rd1 Bxf2 63. Kf3 g5 64. hxg5 h4 65. g4
fxg4+ 66. Kxg4 Rxa4+ 67. Kf3 Bg3 68. Rd4 Ra3 69. g6 Kf6 70. Rg4 Kg7 71. Ke2
Ra2+ 72. Kf1 h3 73. Rxg3 Ra1+ 74. Kf2 h2 75. Rh3 h1=Q 76. Rxh1 Rxh1 0-1

[Event "45th World Open"]
[Site "Philadelphia"]
[Date "2017.07.04"]
[Round "8.2"]
[White "Le, Liem"]
[Black "Stukopin, Andrey"]
[Result "1/2-1/2"]
[WhiteElo "2726"]
[BlackElo "2577"]
[PlyCount "170"]
[EventDate "2017.07.??"]
[EventType "swiss"]
[EventRounds "9"]
[EventCountry "USA"]
[WhiteClock "0:00:45"]
[BlackClock "0:00:05"]

1. d4 d5 2. Bf4 Nf6 3. e3 c5 4. Nd2 Nc6 5. c3 Bf5 6. Ngf3 Qb6 7. dxc5 Qxb2 8.
Nd4 e5 9. Nxf5 exf4 10. Rb1 Qxc3 11. Rxb7 fxe3 12. Nxe3 Bxc5 13. Rb3 Qe5 14.
Bb5 Rc8 15. Nf3 Qe6 16. Ng5 Qd6 17. Bxc6+ Rxc6 18. O-O O-O 19. Rd3 Bxe3 20.
Rxe3 Rc4 21. Nf3 Rd8 22. h3 h6 23. Qb3 Ne4 24. Rd1 Qc5 25. Qa3 Nc3 26. Qxc5
Rxc5 27. Rd2 a5 28. Nd4 a4 29. f3 Rc4 30. Nf5 d4 31. Red3 Kf8 32. Kf2 Nb5 33.
g4 Rd5 34. Ng3 Nc7 35. Rb2 g6 36. Rdd2 Ne6 37. h4 d3 38. h5 Nc5 39. hxg6 fxg6
40. Nf1 Re5 41. Ne3 Rf4 42. Kg3 g5 43. Nf5 h5 44. Rh2 hxg4 45. Rb8+ Kf7 46.
Nh6+ Ke6 47. Nxg4 Ref5 48. Re8+ Kd7 49. Re3 Rd5 50. Rd2 Kc7 51. Re7+ Kd6 52.
Re8 Rdf5 53. Rf2 Kd7 54. Re3 Kd6 55. Re8 Kc6 56. Ne3 Kd7 57. Rg8 Re5 58. Rxg5
Rxf3+ 59. Kxf3 Rxg5 60. Nd1 Kd6 61. Ke3 Kd5 62. Nc3+ Kc4 63. Kd2 Rg4 64. Rh2
Rf4 65. Rg2 Rh4 66. Rf2 Kb4 67. Rg2 Rc4 68. Nd5+ Ka3 69. Nc3 Kb2 70. Nd1+ Ka3
71. Ne3 Re4 72. Rg5 Ne6 73. Rf5 Nf4 74. Nd5 Re2+ 75. Kd1 Nxd5 76. Rxd5 Re3 77.
Kd2 Re2+ 78. Kxd3 Rxa2 79. Kc3 Ra1 80. Rb5 Rc1+ 81. Kd2 Rc4 82. Rb8 Ka2 83. Rb7
a3 84. Rb8 Rc7 85. Rb6 Rc8 1/2-1/2

[Event "45th World Open"]
[Site "Philadelphia"]
[Date "2017.07.04"]
[Round "8.3"]
[White "Xiong, Jeffrey"]
[Black "Lenderman, Aleksandr"]
[Result "1-0"]
[WhiteElo "2658"]
[BlackElo "2585"]
[PlyCount "119"]
[EventDate "2017.07.??"]
[EventType "swiss"]
[EventRounds "9"]
[EventCountry "USA"]
[WhiteClock "0:04:14"]
[BlackClock "0:34:45"]

1. d4 Nf6 2. c4 e6 3. Nf3 c5 4. d5 exd5 5. cxd5 d6 6. Nc3 g6 7. Nd2 Bg7 8. e4
O-O 9. Be2 Re8 10. O-O Na6 11. Re1 Nc7 12. a4 b6 13. Qc2 Na6 14. Bb5 Nb4 15.
Qd1 Re7 16. Nc4 Bb7 17. Bf4 a6 18. Bxd6 axb5 19. Bxe7 Qxe7 20. Nxb6 Ra6 21. e5
Rxb6 22. exf6 Qxf6 23. Re8+ Bf8 24. Ne4 Qd4 25. Qxd4 cxd4 26. a5 Ra6 27. d6
Bxe4 28. d7 Nc6 29. Rxe4 Ra7 30. Rxd4 Be7 31. Rd5 b4 32. Rc1 Nd8 33. g4 g5 34.
Kg2 f6 35. f4 gxf4 36. Kf3 Kf7 37. Kxf4 Ke6 38. Ke4 Ra6 39. Rc8 Nf7 40. Kd4 Bd8
41. h4 Ke7 42. Rc1 Re6 43. Ra1 Ne5 44. Kc5 Nxd7+ 45. Kxb4 Ne5 46. Kb5 Nc6 47.
b4 Na7+ 48. Ka4 Ke8 49. Rad1 Be7 50. R1d4 Re1 51. Rc4 Rb1 52. Ka3 Bf8 53. Rh5
Re1 54. Rc7 Re3+ 55. Kb2 Re4 56. Rxa7 Rxb4+ 57. Kc3 Rxg4 58. Rhxh7 Bb4+ 59. Kb3
Bc5 60. Ra8# 1-0

[Event "45th World Open"]
[Site "Philadelphia"]
[Date "2017.07.04"]
[Round "8.4"]
[White "Zherebukh, Yaroslav"]
[Black "Abdumalik, Zhansaya"]
[Result "0-1"]
[WhiteElo "2642"]
[BlackElo "2397"]
[PlyCount "74"]
[EventDate "2017.07.??"]
[EventType "swiss"]
[EventRounds "9"]
[EventCountry "USA"]
[WhiteClock "0:04:03"]
[BlackClock "0:03:41"]

1. d4 Nf6 2. Nf3 g6 3. Bg5 Bg7 4. e3 d6 5. Be2 O-O 6. c4 Ne4 7. Bh4 c5 8. O-O
Nc6 9. Nc3 Nxc3 10. bxc3 Qc7 11. d5 Na5 12. Qc2 e5 13. dxe6 Bxe6 14. Nd2 f5 15.
Rad1 Rae8 16. Rfe1 Kh8 17. Bf1 b6 18. Qd3 Qc6 19. Qc2 Qc7 20. f4 Qf7 21. Qd3 d5
22. cxd5 Bxd5 23. c4 Be4 24. Nxe4 Rxe4 25. Qd7 Bc3 26. Re2 Bf6 27. Qxf7 Rxf7
28. Bxf6+ Rxf6 29. Red2 Rxe3 30. Rd7 Nc6 31. g3 a6 32. Rb7 Nd4 33. Rb1 Ra3 34.
Rb2 Re6 35. Kg2 h6 36. Kh3 g5 37. Bg2 Ne2 0-1

[Event "45th World Open"]
[Site "Philadelphia"]
[Date "2017.07.04"]
[Round "8"]
[White "Brown, Michael"]
[Black "Bachmann, Axel"]
[Result "1-0"]
[WhiteElo "2489"]
[BlackElo "2653"]
[PlyCount "97"]
[EventDate "2017.07.??"]
[EventType "swiss"]
[EventRounds "9"]
[EventCountry "USA"]

1. d4 g6 2. c4 Bg7 3. Nc3 d6 4. Nf3 Nf6 5. e4 O-O 6. Be2 Bg4 7. Be3 Nfd7 8. h4
e5 9. d5 Nf6 10. Nd2 Bxe2 11. Qxe2 c5 12. g4 h5 13. Bg5 Nbd7 14. f3 Qb6 15. Nf1
Qb4 16. Bd2 Qxb2 17. Rb1 Qa3 18. Ng3 b5 19. Rb3 Qa5 20. Rxb5 Qd8 21. Bg5 a6 22.
Rb3 hxg4 23. fxg4 Rb8 24. h5 Rxb3 25. axb3 Qa5 26. Kd2 Rb8 27. Kc2 Qb4 28. Rb1
Qb7 29. Bd2 Qc8 30. hxg6 fxg6 31. g5 Nh7 32. Qg4 Nhf8 33. Nf1 Qe8 34. Ne3 Rb7
35. Qh3 Nh7 36. Ng4 Ndf8 37. Ra1 Qe7 38. Qh4 Rb8 39. Rxa6 Rxb3 40. Kxb3 Qb7+
41. Nb5 Qxa6 42. Nh6+ Bxh6 43. gxh6 g5 44. Bxg5 Qa1 45. Bd2 Qd1+ 46. Kc3 Qf3+
47. Kc2 Nf6 48. Qg5+ Kh7 49. Qg7# 1-0

[Event "45th World Open"]
[Site "Philadelphia"]
[Date "2017.07.04"]
[Round "8"]
[White "Nakar, Eylon"]
[Black "Nyzhnyk, Illia"]
[Result "1/2-1/2"]
[WhiteElo "2476"]
[BlackElo "2612"]
[PlyCount "53"]
[EventDate "2017.07.??"]
[EventType "swiss"]
[EventRounds "9"]
[EventCountry "USA"]

1. e4 c6 2. d4 d5 3. e5 Bf5 4. Nf3 e6 5. Be2 Ne7 6. Nh4 Be4 7. Nd2 Ng6 8. Nhf3
c5 9. dxc5 Bxf3 10. Nxf3 Bxc5 11. O-O Nc6 12. Bb5 O-O 13. Bxc6 bxc6 14. Qe2 Qb6
15. c3 a5 16. b3 h6 17. Re1 f6 18. exf6 Rxf6 19. Be3 e5 20. Nxe5 Nxe5 21. Bxc5
Qxc5 22. Qxe5 Qxf2+ 23. Kh1 Raf8 24. h3 Qb2 25. Reb1 Qc2 26. Rc1 Qg6 27. Re1
1/2-1/2

[Event "45th World Open"]
[Site "Philadelphia"]
[Date "2017.07.04"]
[Round "8"]
[White "Sevian, Samuel"]
[Black "Garcia, Jan"]
[Result "1/2-1/2"]
[WhiteElo "2601"]
[BlackElo "2436"]
[PlyCount "72"]
[EventDate "2017.07.??"]
[EventType "swiss"]
[EventRounds "9"]
[EventCountry "USA"]

1. e4 e5 2. Nf3 Nc6 3. Bb5 Nf6 4. d3 Bc5 5. c3 O-O 6. O-O d6 7. Bg5 h6 8. Bh4
g5 9. Bg3 Nh5 10. Nbd2 Nxg3 11. hxg3 a5 12. Ba4 Qf6 13. a3 Ne7 14. b4 Ba7 15.
bxa5 g4 16. Nh4 Ng6 17. Nf5 Bxf5 18. exf5 Qxf5 19. Ne4 Kg7 20. Rb1 d5 21. Nd2
Qxd3 22. Rxb7 Qa6 23. Rxc7 Qxa5 24. Rd7 Qxa4 25. Qxa4 Bxf2+ 26. Rxf2 Rxa4 27.
Rxd5 Rxa3 28. Rd7 Rxc3 29. Ne4 Rc6 30. Nd6 Nh8 31. Rf5 Ra8 32. Nxf7 Ra1+ 33.
Kh2 Nxf7 34. Rdxf7+ Kg6 35. R7f6+ Rxf6 36. Rxf6+ Kxf6 1/2-1/2

[Event "45th World Open"]
[Site "Philadelphia"]
[Date "2017.07.04"]
[Round "8"]
[White "Becerra, Julio"]
[Black "Aldama, Dionisio"]
[Result "1/2-1/2"]
[WhiteElo "2556"]
[BlackElo "2385"]
[PlyCount "101"]
[EventDate "2017.07.??"]
[EventType "swiss"]
[EventRounds "9"]
[EventCountry "USA"]

1. e4 e5 2. Nf3 Nc6 3. Bb5 a6 4. Ba4 Nf6 5. O-O b5 6. Bb3 Bc5 7. c3 d6 8. a4
Bg4 9. h3 Bxf3 10. Qxf3 Na5 11. Bd1 b4 12. d3 bxc3 13. bxc3 O-O 14. Bc2 Rb8 15.
Nd2 Qe8 16. Qd1 Qc6 17. Nb3 Nxb3 18. Bxb3 d5 19. exd5 Nxd5 20. Bd2 Ba7 21. Qc2
Nf4 22. Bxf4 exf4 23. d4 f3 24. Rfe1 fxg2 25. Re3 Qh6 26. Bc4 c5 27. d5 Rb6 28.
Rae1 Bb8 29. Qd3 Qf4 30. Rg3 Rf6 31. Rxg2 Rg6 32. Rg3 Rd8 33. Ree3 Rb6 34. Qe2
g6 35. Kg2 Kg7 36. d6 Qxd6 37. Rd3 Qc6+ 38. Rgf3 Rxd3 39. Qxd3 f5 40. Qd8 Qf6
41. Rd3 Qxd8 42. Rxd8 Be5 43. Rd5 Bxc3 44. Rxc5 Rb2 45. Rc7+ Kh6 46. Bd3 Be5
47. Rc2 Rb4 48. a5 Ra4 49. Rc5 Bf6 50. Rc6 Bh4 51. Rc4 1/2-1/2

[Event "45th World Open"]
[Site "Philadelphia"]
[Date "2017.07.04"]
[Round "8"]
[White "Hong, Andrew"]
[Black "Hernandez, Holden"]
[Result "0-1"]
[WhiteElo "2383"]
[BlackElo "2510"]
[PlyCount "96"]
[EventDate "2017.07.??"]
[EventType "swiss"]
[EventRounds "9"]
[EventCountry "USA"]

1. e4 c5 2. Nf3 e6 3. d4 cxd4 4. Nxd4 a6 5. c4 Nf6 6. Nc3 Qc7 7. a3 b6 8. Be3
Bb7 9. f3 d6 10. Be2 Be7 11. O-O O-O 12. Qd2 Nbd7 13. b4 Rac8 14. Rac1 Rfe8 15.
Nb3 Qb8 16. Kh1 Bd8 17. Rc2 Bc7 18. Bg1 h5 19. Rb1 h4 20. Bf1 h3 21. Nd4 Ne5
22. Na4 Bd8 23. Re1 hxg2+ 24. Qxg2 g6 25. Bf2 Kg7 26. Nb2 Rh8 27. Nd3 Nxd3 28.
Bxd3 Nh5 29. Ne2 Bf6 30. Be3 b5 31. Rg1 bxc4 32. Rxc4 d5 33. Rxc8 Qxc8 34. exd5
Bxd5 35. Bxg6 fxg6 36. Qxg6+ Kf8 37. Bh6+ Ke7 38. Qxh5 Qc6 39. Rg3 Rxh6 40.
Qxh6 Bxf3+ 41. Kg1 Bxe2 42. Qe3 Bb5 43. Rg2 Qd5 44. Qa7+ Bd7 45. Qxa6 Bd4+ 46.
Kh1 Bc6 47. Qe2 Qg5 48. h3 Qg3 0-1

[Event "45th World Open"]
[Site "Philadelphia"]
[Date "2017.07.04"]
[Round "8"]
[White "Sarkar, Justin"]
[Black "Batista, Lazaro"]
[Result "0-1"]
[WhiteElo "2375"]
[BlackElo "2653"]
[PlyCount "90"]
[EventDate "2017.07.??"]
[EventType "swiss"]
[EventRounds "9"]
[EventCountry "USA"]

1. d4 Nf6 2. c4 e6 3. Nc3 Bb4 4. Qc2 d6 5. Bg5 Nbd7 6. e3 b6 7. Bd3 Bb7 8. f3
h6 9. Bh4 Bxc3+ 10. Qxc3 c5 11. Ne2 Rc8 12. Qb3 O-O 13. O-O Re8 14. Nc3 d5 15.
Nb5 cxd4 16. exd4 dxc4 17. Bxc4 Nb8 18. Bg3 Nc6 19. Nd6 Na5 20. Qd3 Nxc4 21.
Nxc8 Qxc8 22. Rfc1 Ba6 23. b3 Na3 24. Rxc8 Bxd3 25. Rxe8+ Nxe8 26. d5 Nb1 27.
dxe6 fxe6 28. Bb8 a6 29. Ba7 b5 30. a4 bxa4 31. bxa4 Nd6 32. a5 Nc4 33. Kf2 Kf7
34. h4 e5 35. Bc5 e4 36. fxe4 Nbd2 37. Bb4 Nxe4+ 38. Kf3 Nf6 39. Rd1 Be4+ 40.
Kf2 Bxg2 41. Rd8 Bd5 42. Rc8 Ke6 43. Bf8 g5 44. hxg5 hxg5 45. Bb4 Ne5 0-1

[Event "45th World Open"]
[Site "Philadelphia"]
[Date "2017.07.04"]
[Round "8"]
[White "Chua, Alexander"]
[Black "Popilski, Gil"]
[Result "1/2-1/2"]
[WhiteElo "2300"]
[BlackElo "2544"]
[PlyCount "41"]
[EventDate "2017.07.??"]
[EventType "swiss"]
[EventRounds "9"]
[EventCountry "USA"]

1. d4 Nf6 2. c4 g6 3. Nf3 Bg7 4. Nc3 O-O 5. g3 d6 6. Bg2 c6 7. O-O Qb6 8. b3 a5
9. h3 Qa6 10. Qd3 d5 11. Ne5 Be6 12. Ba3 dxc4 13. bxc4 Nfd7 14. Nxd7 Nxd7 15.
d5 cxd5 16. cxd5 Qxd3 17. exd3 Bxc3 18. Rac1 Bb4 19. Bxb4 axb4 20. dxe6 fxe6
21. Rc2 1/2-1/2

[Event "45th World Open"]
[Site "Philadelphia"]
[Date "2017.07.04"]
[Round "8"]
[White "Tang, Andrew"]
[Black "Ruiz, Joshua"]
[Result "1/2-1/2"]
[WhiteElo "2461"]
[BlackElo "2367"]
[PlyCount "117"]
[EventDate "2017.07.??"]
[EventType "swiss"]
[EventRounds "9"]
[EventCountry "USA"]

1. d4 Nf6 2. Bf4 d6 3. Nf3 Nbd7 4. e3 g6 5. Be2 Bg7 6. h3 c5 7. c3 O-O 8. O-O
b6 9. a4 a6 10. Nbd2 Bb7 11. Qb3 Rc8 12. Rfd1 Qc7 13. Bh2 Qb8 14. c4 cxd4 15.
exd4 e5 16. dxe5 dxe5 17. a5 bxa5 18. Qa3 Qa8 19. Nb3 e4 20. Ne1 e3 21. fxe3
Bh6 22. Nxa5 Rfe8 23. Nxb7 Bxe3+ 24. Kh1 Qxb7 25. Bf3 Qa7 26. Nc2 Bf2 27. b3
Nc5 28. Nb4 Re6 29. Nd5 Nce4 30. Nxf6+ Nxf6 31. Bd5 Rb6 32. b4 Nxd5 33. cxd5
Qb7 34. Ra2 Bh4 35. Bg1 Rxb4 36. Qxa6 Qxa6 37. Rxa6 Rb7 38. d6 Rd7 39. g4 Bf6
40. Kg2 Be5 41. g5 Kg7 42. Kf3 f6 43. Ke4 Kf7 44. gxf6 Ke6 45. Bd4 Bxd4 46.
Rxd4 Rf8 47. Rd5 Kxf6 48. Rc5 Re8+ 49. Kd5 Re5+ 50. Kd4 Re1 51. Rc7 Rd1+ 52.
Ke4 R7xd6 53. Rxd6+ Rxd6 54. Rxh7 Kg5 55. Kf3 Rd3+ 56. Kg2 Rd2+ 57. Kf3 Rd3+
58. Kg2 Rd2+ 59. Kf3 1/2-1/2

[Event "45th World Open"]
[Site "Philadelphia"]
[Date "2017.07.04"]
[Round "8"]
[White "Li, Ruifeng"]
[Black "Bian, Alex"]
[Result "1-0"]
[WhiteElo "2571"]
[BlackElo "2266"]
[PlyCount "81"]
[EventDate "2017.07.??"]
[EventType "swiss"]
[EventRounds "9"]
[EventCountry "USA"]

1. e4 c5 2. Nf3 Nc6 3. d4 cxd4 4. Nxd4 g6 5. c4 Nf6 6. Nc3 d6 7. Be2 Nxd4 8.
Qxd4 Bg7 9. Bg5 O-O 10. Qd2 Be6 11. Rc1 Qa5 12. O-O Rfc8 13. b3 b5 14. cxb5 Qb4
15. Bf3 Rab8 16. Nd5 Qxd2 17. Bxd2 Nxd5 18. exd5 Bd7 19. a4 Bb2 20. Rxc8+ Rxc8
21. Be3 Rc7 22. Be2 e6 23. Bc4 Rb7 24. Rd1 e5 25. f3 Kf8 26. Rb1 Bc3 27. b4 Rc7
28. Bf1 Bf5 29. Rc1 Ke7 30. g4 Bd7 31. Kg2 Rc8 32. Bxa7 Bxb4 33. Rxc8 Bxc8 34.
Bb6 f5 35. gxf5 Bxf5 36. a5 Kd7 37. a6 Kc8 38. Ba7 Kd7 39. Be3 Kc8 40. b6 Bd7
41. a7 1-0

[Event "45th World Open"]
[Site "Philadelphia"]
[Date "2017.07.04"]
[Round "8"]
[White "Shrentzel, Israel"]
[Black "Shetty, Atulya"]
[Result "0-1"]
[WhiteElo "2230"]
[BlackElo "2422"]
[PlyCount "76"]
[EventDate "2017.07.??"]
[EventType "swiss"]
[EventRounds "9"]
[EventCountry "USA"]

1. d4 d5 2. Bf4 Nf6 3. e3 c5 4. c3 Nc6 5. Nf3 Qb6 6. Qb3 c4 7. Qxb6 axb6 8. Na3
h6 9. Nb5 Ra5 10. a4 Bf5 11. Be2 e6 12. Nd2 Kd7 13. Bxc4 dxc4 14. Nxc4 Nd5 15.
Nxa5 Nxa5 16. O-O Nb3 17. Ra2 Nxf4 18. exf4 Be7 19. Re1 Ra8 20. d5 exd5 21. Nd4
Nxd4 22. cxd4 Rc8 23. h3 f6 24. b3 Bb4 25. Re3 Rc1+ 26. Kh2 Rd1 27. g4 Be4 28.
f3 Bd2 29. Re2 Bxf4+ 30. Kg2 Bd3 31. Reb2 Ba6 32. a5 bxa5 33. Rxa5 Rxd4 34. b4
Bc4 35. Ra8 g5 36. Rh8 b5 37. Rxh6 Ke6 38. Rb1 Rd2+ 0-1

[Event "45th World Open"]
[Site "Philadelphia"]
[Date "2017.07.04"]
[Round "8"]
[White "Gorti, Akshita"]
[Black "Wheeler, Cameron"]
[Result "1/2-1/2"]
[WhiteElo "2240"]
[BlackElo "2407"]
[PlyCount "53"]
[EventDate "2017.07.??"]
[EventType "swiss"]
[EventRounds "9"]
[EventCountry "USA"]

1. d4 b5 2. e4 a6 3. Bd3 Bb7 4. Nf3 e6 5. a4 b4 6. c3 c5 7. Nbd2 Nf6 8. O-O Nc6
9. e5 Nd5 10. c4 Nf4 11. Be4 cxd4 12. Nb3 Ng6 13. Nbxd4 Qc7 14. Re1 Be7 15. b3
O-O 16. Bb2 Rad8 17. Qc2 d6 18. Nb5 Qc8 19. exd6 Bf6 20. Bxf6 gxf6 21. Nbd4
Nxd4 22. Nxd4 Rxd6 23. Nf3 Rfd8 24. c5 Bxe4 25. Rxe4 a5 26. Rc1 Rd3 27. Re3
1/2-1/2

[Event "45th World Open"]
[Site "Philadelphia"]
[Date "2017.07.04"]
[Round "8"]
[White "Adamson, Robby"]
[Black "Korley, Kassa"]
[Result "0-1"]
[WhiteElo "2212"]
[BlackElo "2389"]
[PlyCount "72"]
[EventDate "2017.07.??"]
[EventType "swiss"]
[EventRounds "9"]
[EventCountry "USA"]

1. e4 c6 2. d4 d5 3. Nc3 dxe4 4. Nxe4 Nf6 5. Nxf6+ exf6 6. c3 Bf5 7. Ne2 Bd6 8.
Ng3 Bg6 9. Bc4 O-O 10. O-O Bxg3 11. hxg3 Nd7 12. Be2 Re8 13. Bf3 Qa5 14. Bf4
Be4 15. Re1 Bxf3 16. Qxf3 Nf8 17. Re2 Rxe2 18. Qxe2 Ne6 19. Be3 Rd8 20. a4 a6
21. Qc4 h5 22. b4 Qf5 23. Qb3 b5 24. axb5 axb5 25. Ra6 Qe4 26. Qd1 Nc7 27. Ra7
Nd5 28. Qxh5 g6 29. Qh6 Nxc3 30. f3 Qb1+ 31. Kh2 Qxb4 32. Bf4 Qxd4 33. Ra1 Ne2
34. Re1 Nxf4 35. Re4 Qc5 36. Qxf4 Kg7 0-1

[Event "45th World Open"]
[Site "Philadelphia"]
[Date "2017.07.04"]
[Round "8"]
[White "Ramirez, Robert"]
[Black "Williams, Justus"]
[Result "0-1"]
[WhiteElo "2129"]
[BlackElo "2382"]
[PlyCount "105"]
[EventDate "2017.07.??"]
[EventType "swiss"]
[EventRounds "9"]
[EventCountry "USA"]

1. Nf3 c5 2. g3 g6 3. Bg2 Bg7 4. d3 Nc6 5. O-O e6 6. e4 Nge7 7. Re1 d6 8. c3
O-O 9. d4 cxd4 10. cxd4 d5 11. e5 f6 12. exf6 Bxf6 13. Bh6 Re8 14. Nc3 Nf5 15.
Be3 Bd7 16. Qd2 Bg7 17. g4 Nh4 18. Nxh4 Qxh4 19. h3 Qf6 20. Nb5 Rab8 21. Bg5
Qf8 22. Bf4 a6 23. Bxb8 Rxb8 24. Nc3 Nxd4 25. Rad1 Nf3+ 26. Bxf3 Qxf3 27. Re3
Qf7 28. Qe2 Rf8 29. Rdd3 Rc8 30. Rf3 Qe8 31. Rd1 Rd8 32. Re1 Bc8 33. Qd2 Qc6
34. Ne4 Qc7 35. Nf6+ Bxf6 36. Rxf6 d4 37. Qg5 b6 38. h4 d3 39. h5 Rd5 40. Qh6
Qg7 41. Qf4 d2 42. Rd1 gxh5 43. f3 hxg4 44. Kf2 e5 45. Qc4 Qxf6 46. Qxd5+ Be6
47. Qa8+ Kg7 48. Qb7+ Kh6 49. Qe4 Qh4+ 50. Kf1 Qh3+ 51. Ke2 gxf3+ 52. Kxd2 Qh2+
53. Kc3 0-1